000 00302nam a22001457a 4500
003 SGT
082 _a346.4202,TRE
100 _aTREITEL
245 _aTHE LAW OF CONTRACT
250 _a13TH
260 _aLONDAN
_bSWEET & MAXWELL
_c2010
300 _a1212
653 _aCONTRACT-LONDAN
942 _2ddc
_cBK
999 _c9597
_d9597